| Registos Bibliográficos associados ao registo de autoridade |
|
Etiqueta de registo: 00254nam 2200025 450 001 2278893 003 http://id.bnportugal.gov.pt/bib/catbnp/2278893 100 ## $a20260310d2025 k y0pory01030103ba 101 0# $apor$deng 102 ## $aPT 105 ## $aa m 000yy 106 ## $ar 200 1# $a O ensino de mandarim e a diplomacia cultural$e o caso das relações China-Portugal$fJingwen Zhang$gorient. Carlos José de Oliveira e Silva Rodrigues 210 #9 $aAveiro$c[s.n.],$d2025 215 ## $a[21], 214 p.$cil.$d30 cm 300 ## $aAcesso não autorizado pelo período de 2 anos 328 #1 $aTese dout. Estudos Culturais, Universidade de Aveiro, 2025 675 ## $a327(469+510)(043)$vBN$zpor$31995621 675 ## $a811.581'243(043)$vBN$zpor$31747939 700 #0 $aJingwen,$bZhang$31990541 702 #1 $aRodrigues,$bCarlos José de Oliveira e Silva,$f1960-$4727$31394114 801 #0 $aPT$bBN$gRPC 966 ## $lBN$mFGMON$sS.C. 168918 V.$x1 971 ## $cssilva$d20260310 972 ## $e0$z0$d20260424$vasantos 973 ## $cigoulao$d20260414
|
|
|